| 000 | 01356cam a22002174a 4500 | ||
|---|---|---|---|
| 005 | 20250605164001.0 | ||
| 008 | 250528s ||||||||||||||||||||||||d | ||
| 035 | _a15646 | ||
| 020 | _a521245893 | ||
| 040 |
_aGR-AtMCL _bgre _dGR-AtMCL _eAACR2 |
||
| 245 | 1 | _aThe Logic of Bureaucratic Conduct / An Economic Analysis of Competition, Exchange, and Efficiency in Private and Public Organizations | |
| 250 | _a1st | ||
| 260 |
_bCambridge University Press, _c1982 |
||
| 300 | _a198 | ||
| 520 | _aPreface, Preliminary Survey, The Structure of the Model, Public and Private Policies, Economic and Accounting Budgets, The Interests of Bureaucrats, A Theory of Selective Behavior, The Cost of Public Policies, The Accumulation of Trust, A Digression Inspired by the Literature on Trust and Related Phenomena, The Compensation of Bureaucrats, Monopoly Models of Bureaucracy in the Public Sector, Selective Behavior and Managerial Competition, The Size Distribution of Bureaus, Schumpeterian Competition, The Allocation of Resources Among Bureaus, Some Applications, Organizational Structure and Productivity, Income and Price Controls, Parkinson's Law, Concluding Observations and Agenda, Departures, The Way Ahead, Notes, Index. | ||
| 700 | 1 |
_aBreton Albert _91605 |
|
| 700 | 1 |
_aWintrose Ronald _91606 |
|
| 942 | _cBK | ||
| 999 |
_c1210 _d1210 |
||